Maxwell, Alexander, 1969-. Choosing Slovakia. - London [u.a.] : Tauris Academic Studies. - 2009 [Rezension]
| Titel: | Maxwell, Alexander, 1969-. Choosing Slovakia. - London [u.a.] : Tauris Academic Studies. - 2009 [Rezension] |
|---|---|
| Verfasser: | |
| In: |
East central Europe, Band 38, Heft 1 (2011), Seite 161-164 alle Artikel anzeigen |
| Veröffentlicht: | 2011 |
| Format: | Aufsatz |
| Sprache: | Englisch |
| Hinweise zum Inhalt: |
zusätzliche Angaben
|
X
alg: 39493333
001A $01999:12-11-16
001B $01999:04-08-21 $t20:59:42.000
001D $01999:12-11-16
001U $0utf8
001X $00
002@ $0Aox
003@ $0394933338
007A $0394933338 $aHEB
007T $0Herdc0082500m
009P $A2 $3zusätzliche Angaben $uhttp://booksandjournals.brillonline.com/content/10.1163/187633011x572790
010@ $aeng
011@ $a2011
021A $aMaxwell, Alexander, 1969-. Choosing Slovakia. - London {[u.a.] : Tauris Academic Studies. - 2009 [Rezension]
028A $aVarga-Kuna $dBálint
031A $d38 $e1 $h161-164 $j2011
039B $aIn $8--Abvc--. East central Europe. - Leiden : Brill, 1974-. - ISSN 0094-3037 $x201100000380001839 $9047226099
039T $8--Aau--Maxwell, Alexander$Z1969- [Tp3]. Choosing Slovakia. - London {[u.a.] : Tauris Academic Studies, 2009. - XI, 262 S.. - Ill., Kt.. - ISBN 978-1-84885-074-3 $9274465884
045F $a900.94371 $eDDC23BSB
045F/01 $a900
045F/03 $g4371
045F/03 $g439
045F/03 $g4373
045T $a7,41
lok: 39493333 78
exp: 39493333 78 1 #EPN
201B/01 $026-11-17 $t03:51:21.000
201U/01 $0utf8
203@/01 $0791231917
208@/01 $a12-11-16 $be
209A/01 $a/ $f000 $x00
220C/01 $aTitelaufnehmer: pg
220C/01 $aHerkunft: HI Marburg
244Z/01 $2Trx $#Slowakische Republik $#Szlovák Köztársaság $#Republika Słowacka $#Slovenská Republika $#Slovensko $#Slowakei $#Słowacja $#Slovensko $8--Trx--Slovenská Republika $x01 $9391345796
244Z/01 $#Tschechien $#Tschechische Republik $#Tschechische Republik $#Tschechenland $#Tschechei Tschechien $#Česká Republika $#Czech Republic $#ČR $74303381-7 $8--Tg1--Tschechien $x02 $9086659812
244Z/01 $2Trx $#Böhmen $#Bohemia $#Czechy $8--Trx--Čechy $x03 $9391188941
244Z/01 $2Trx $#Ungari $#Vengrija $#Ungārija $#Ungarn $#Hungary $#Węgry $#Maďarsko $#Maďarsko $#Uhorsko $#Uhersko;Uhry $8--Trx--Magyarország $x04 $9391197150
244Z/01 $2Trx $#arvustused $#recenzijos $#Reviews $#recenziók $#recenzje $#recenzie $#recenze $8--Trx--Rezensionen $x05 $9391357441
244Z/01 $2Trx $8--Trx--elektronische Ressource $x06 $939138452X
247C/01 $82080>Marburg/Lahn, Herder-Institut, Forschungsbibliothek, Bibliographieportal $9336309341
| LEADER | 00000caa a22000002c 4500 | ||
|---|---|---|---|
| 001 | 394933338 | ||
| 003 | DE-603 | ||
| 005 | 20210804205942.0 | ||
| 007 | tu | ||
| 008 | 161112s2011 xx |||| | u00||u|eng c | ||
| 035 | |a (DE-599)HEB394933338 | ||
| 040 | |a DE-603 |b ger |c DE-603 |d DE-603 | ||
| 041 | |a eng | ||
| 082 | 0 | 4 | |8 1\u |a 900.94371 |q DE-101 |2 23/BSB |
| 084 | |a 7,41 |2 ssgn | ||
| 085 | |8 1\u |b 900 | ||
| 085 | |8 1\u |z 2 |s 4371 | ||
| 085 | |8 1\u |z 2 |s 439 | ||
| 085 | |8 1\u |z 2 |s 4373 | ||
| 100 | 1 | |a Varga-Kuna, Bálint | |
| 245 | 0 | 0 | |a Maxwell, Alexander, 1969-. Choosing Slovakia. - London [u.a.] : Tauris Academic Studies. - 2009 [Rezension] |
| 264 | 0 | |c 2011 | |
| 773 | 0 | 8 | |i In |t East central Europe |d Leiden : Brill, 1974- |h 24 cm |x 0094-3037 |g Band 38, Heft 1 (2011), Seite 161-164 |w (DE-603)047226099 |w (DE-600)190826-1 |
| 787 | 0 | 8 | |i Rezension von |a Maxwell, Alexander, 1969- |t Choosing Slovakia |d London [u.a.] : Tauris Academic Studies, 2009 |h XI, 262 S., Ill., Kt. |z 9781848850743 |z 1848850743 |w (DE-603)274465884 |
| 856 | 4 | 2 | |u http://booksandjournals.brillonline.com/content/10.1163/187633011x572790 |3 zusätzliche Angaben |
| 924 | 0 | |9 2080 |a (DE-603)791231917 |b DE-2080 |c HES |d d |g / | |


